Magyar munkavállalók az osztrák turizmusban

Bibliográfiai részletek
Szerző: Gál Viktória
További közreműködők: Hamar dr. Farkas
Dokumentumtípus: Diplomadolgozat
Kulcsszavak:Munkavállalás
Ausztria
Osztrák turizmus
Online Access:http://dolgozattar.uni-bge.hu/23145

MARC

LEADER 00000nta a2200000 i 4500
001 dolg23145
005 20200224135010.0
008 191121suuuu hu om 000 hun d
040 |a BGE Dolgozattár Repozitórium  |b hun 
041 |a hu 
100 1 |a Gál Viktória 
245 1 0 |a Magyar munkavállalók az osztrák turizmusban  |c Gál Viktória  |h [elektronikus dokumentum] 
246 1 1 |a Magyar munkavállalók az osztrák turizmusban 
695 |a Munkavállalás 
695 |a Ausztria 
695 |a Osztrák turizmus 
700 1 |a Hamar dr. Farkas  |e ths 
856 4 0 |u http://dolgozattar.uni-bge.hu/23145/1/G%C3%A1l%20Vikt%C3%B3ria_KYRN5V_TV.pdf  |z Dokumentum-elérés